000 00897nam a2200205Ii 4500
003 JO-AjNU
008 230605s9999||||xx |||||||||||||| ||und||
040 _aJO-AjNU
_bara
_erda
_cJO-AjNU
041 _aara
050 1 4 _aBP75.2.I2694.1992
100 3 _aتأليف: ابن هشام ؛ حققها وضبطها وشرحها: مصطفى السقا، ابراهيم الابياري، عبدالحفيظ شلبي ؛ وضع فهارسها من جديد: معروف زريق,
_eauthor
_959124
245 0 0 _aالسيرة النبوية، ج1-2
250 _aط1
264 3 1 _aبيروت، دمشق:دار الخير للطباعة والنشر، 1992
300 _aج1-2: 275ص
_bيحتوي على مسرد مواضيع من ص 273-275
336 _atext
_btxt
_2rdacontent
337 _aunmediated
_bn
_2rdamedia
338 _avolume
_bnc
_2rdacarrier
650 4 _aالسيرة النبوية
_959125
999 _aA26590
_c30158
_d30158